Medzifázové napätie v systémoch kryolitová tavenina/roztavený hliník

Salvato in:
Dettagli Bibliografici
Autore principale: Morávková, Zlatica
Natura: Libro
Lingua:slovacco
Pubblicazione: Bratislava STU FCHPT 2006
Accesso online:Visualizza in OPAC
Tags: Aggiungi Tag
Nessun Tag, puoi essere il primo ad aggiungerne!!

MARC

LEADER 00000nam a2200000 a 4500
005 20260127134319.0
008 060607 2006 xo 000 0 slo d
035 |a vtls008771241 
039 9 |y 200606080816  |z mschk03 
040 |a STUSCHK1  |b slo  |c STUSCHK1  |e AACR2 
100 1 |a Morávková, Zlatica  |9 643 
245 1 |a Medzifázové napätie v systémoch kryolitová tavenina/roztavený hliník 
260 |a Bratislava  |b STU FCHPT  |c 2006 
300 |a 48 s.  |b obr.,tab.,lit. + CD-ROM 
500 |a Obháj.: 5.6. 2006 
500 |a Špec.: Anorganická technológia a materiály 
500 |a Ústav anorganickej chémie, technológie a materiálov 
910 |a SCHK95 
999 |c 9566  |d 9566